000 00780nam a2200277Ia 4500
005 20260324130653.0
008 008 260324s9999 xx 000 0 eng d
020 _a9781315221625
037 _aEBOOK
040 _aCRL
040 _beng
040 _cCRL
041 _2eng
041 _aeng
084 _qCRL
100 _aJoao Pedro Hespanha; Yorai Wardi; Henk A.P. Blom; Joost-Pieter Katoen; John Lygeros; Arjan van der Schaft; Pieter J. Mosterman; Christos G. Cassandras; Maria Prandini
_91182654
245 0 _aStochastic Hybrid Systems
260 _bTaylor and Francis
260 _c2007
365 _a
365 _b385
856 _uhttp://www.taylorfrancis.com/books/9781315221625
942 _cEBOOK
999 _c1779029
_d1779029